000 00791nam a22002417a 4500
003 DO-SdBNP
005 20240807085606.0
008 161027b2005 sp 00| 0 spa d
020 _a8496412636
040 _aBPMSU
_bspa
_cBPMSU
082 4 _a863.3
_bL864f 2005
_222
100 1 _aLópez, Emilio
_c
245 1 3 _aEl Flautista de Hamelín /
_cAnónimo; coordinación y adaptación Emilio López; iIlustraciones Sergio Kern
260 _aBarcelona :
_bEditorial Sol 90 ,
_c2005
300 _a43 p. :
_bil. ;
_c21 cm
490 0 _aCuentos infantiles,
_v9
590 _aInventariado, 2024/VM
650 4 _aCuentos infantiles españoles
650 4 _aLiteratura infantil española
700 1 _a Kern, Sergio
_eilustración
910 _aValidado. Control de calidad MFF
942 _2ddc
_cBK
999 _c14767
_d14767